000 00813ncm a2200241 a 4500
999 _c437284
_d437284
003 BLK
005 20250228095422.0
008 211117b bu |||||||||| 00| 0 bu d
040 _aBLK
041 _aENG
_cENG
080 _aКларинет, баскларинет, басетхорн
_b788.6
_z788.6
100 _9467582
_aBalyozov, Roumen Dimitrov
_eпърви автор
139 _aBalyozov, Roumen Dimitrov
_bБ 24
245 _aThree pieces
_bRitual, Elegy, Moto perpetuo : For Clarinet solo
_cRoumen Balyozov
260 _9213249
_aСофия
_bElm
_c2000
300 _a8 р.
_c30 см
380 _a7
650 0 _aКларинет - пиеси, сонати
_9362779
653 0 _9403070
_aкларинет
852 _bИП
_c788/Б 24 Р
942 _cNOT
_n0
_s1
944 _aCR
_c2021-11-17
_k30560
_lГеновева Генчева